000
00218 a2200097 4500
001
30692
100
_a
Kiser, C ed
245
_a
Research in family planning
260
_a
N Jersey
_b
Princeton
_c
090
_c
20626
_d
20626
942
_a
NUST-CAE
_c
M
_c
11810
999
_c
265765
_d
265765